01212nam a2200325Ia 4500001001200000003000800012006001900020007001500039008004100054010001700095020003400112040002100146035002100167050002800188082001800216100002700234245008700261260004300348300002500391500002000416533015200436630003200588650002500620650002600645655002900671700002600700710001700726856012600743999001700869ebr10308000CaPaEBRm u cr cn|||||||||090209s2009 inua s 001 0 eng d z 2009005633 z9780470416914 (paper/website) aCaPaEBRcCaPaEBR a(OCoLC)43712269314aQA76.9.D3bC3178 2009eb04a005.75/652221 aCabral, Sheeri,d1978-10aMySQL administrator's bibleh[electronic resource] /cSheeri Cabral, Keith Murphy. aIndianapolis, IN :bWiley Pub.,c2009. axxix, 855 p. :bill. aIncludes index. aElectronic reproduction.bPalo Alto, Calif. :cebrary,d2009.nAvailable via World Wide Web.nAccess may be limited to ebrary affiliated libraries.00aMySQL (Electronic resource) 0aDatabase management. 0aRelational databases. 7aElectronic books.2local1 aMurphy, Keith,d1970-2 aebrary, Inc.40uhttp://site.ebrary.com/lib/rucke/Doc?id=10308000zAn electronic book accessible through the World Wide Web; click to view c61494d61494